| 000 | 00503nam a2200181Ia 4500 | ||
|---|---|---|---|
| 008 | 090124s9999 xx 000 0 und d | ||
| 082 | _b119284 | ||
| 100 | _aओक सुनेत्रा. | ||
| 245 | _a आय् कन्फेस ! | ||
| 250 | _a1 | ||
| 260 | _c1982 | ||
| 300 | _a85 | ||
| 600 | _aओक सुनेत्रा. | ||
| 630 | _a आय् कन्फेस ! | ||
| 700 | _aओक सुनेत्रा. | ||
| 730 | _a आय् कन्फेस ! | ||
| 942 | _cBOOK | ||
| 999 |
_c165370 _d165370 |
||